Stemmi Squadre di calcio dal dettaglio - Quiz n°25 - Statistics

Statistiche generali
  • Questo quiz è stato fatto 8 volte
  • Il punteggio medio è 6 su 10
Statistiche sulle risposte
con Immagini Risposta % Corretto
Atletico Madrid
100%
Malaga
88%
Monza
88%
Stella Rossa
88%
Celtic
75%
Foggia
63%
Maiorca
50%
Zurigo
38%
IFK Göteborg
25%
Ipswich Town
25%
Nessun quiz corrispondente trovato
Distribuzione punteggi
Percentuale di utenti per punteggio
Percentile per numero di risposta
I tuoi punteggi nel tempo
Non hai fatto questo quiz